European journal of population Revue européenne de démographie.
| Previous Title: | European demographic information bulletin |
|---|---|
| Format: | Electronic Journal |
| Language: | English French |
| Published: |
Amsterdam :
North-Holland,
1985-
Dordrecht : Kluwer Academic Publishers [Dordrecht] : Springer Netherlands |
| Subjects: | |
| Online Access: | Full text available from Research Library: 01/01/1997 to 1 year ago |
MARC
| LEADER | 00000nas a2200000 a 4500 | ||
|---|---|---|---|
| 001 | ssj0006612 | ||
| 003 | WaSeSS | ||
| 005 | 20200512172242.0 | ||
| 006 | m d | ||
| 007 | cr n | ||
| 008 | 990617c19859999ne qr pss o 0 0eng c | ||
| 010 | |a 2004229164 | ||
| 015 | |a 17,O11 |2 dnb | ||
| 016 | 7 | |a 2015429-X |2 DE-600 | |
| 016 | 7 | |a 020471513 |2 DE-101 | |
| 016 | 7 | |a 012432916 |2 Uk | |
| 022 | |a 1572-9885 |l 0168-6577 |y 0168-6577 | ||
| 035 | |a (WaSeSS)ssj0006612 | ||
| 037 | |b Kluwer Academic Publishers, Spuiboulevard 50, P.O. Box 17, 3300 AA Dordrecht, The Netherlands | ||
| 040 | |a F#A |b eng |c F#A |d OCLCQ |d MUQ |d OCLCQ |d FUG |d OCLCQ |d EYM |d HUL |d MYG |d OCLCQ |d OCLCA |d OCLCQ |d FIE |d CCO |d CEF |d TXA |d AU@ |d N15 |d OCLCQ |d OCLCF |d OCLCO |d OCLCQ |d OCLCO |d OCLCQ |d DEBBG |d GWDNB |d U3W |d OCLCO |d GILDS |d OCLCO |d WYU |d OCLCO |d UKMGB |d OCLCA |d VT2 |d OCLCO |d NJT |d OCLCO |d AUD |d DLC |d OCLCA |d WaSeSS | ||
| 041 | 0 | |a eng |a fre | |
| 042 | |a pcc | ||
| 043 | |a e------ | ||
| 050 | 0 | 0 | |a Z7164.D3 |
| 060 | 0 | 0 | |a W1 |b EU72EC |
| 082 | 0 | 4 | |a 304.6094 |
| 130 | 0 | |a European journal of population (Online) | |
| 245 | 1 | 0 | |a European journal of population |h [electronic resource] = |b Revue européenne de démographie. |
| 246 | 3 | 1 | |a Revue européenne de démographie |
| 260 | |a Amsterdam : |b North-Holland, |c 1985- | ||
| 260 | 2 | |3 1993-Sept. 2004 : |a Dordrecht : |b Kluwer Academic Publishers | |
| 260 | 3 | |3 Dec. 2004- : |a [Dordrecht] : |b Springer Netherlands | |
| 310 | |a Quarterly | ||
| 362 | 0 | |a Vol. 1, no. 1 (Jan. 1985)- | |
| 506 | |a License restrictions may limit access. | ||
| 546 | |a Text in English and French. | ||
| 588 | |a Description based on: Vol. 1, no. 1 (Jan. 1985); title from title page (JSTOR, viewed June 17, 2010). | ||
| 588 | |a Latest issue consulted: Vol. 35, issue 3 (July 2019); (SpringerLink, viewed Oct. 11, 2019). | ||
| 650 | 0 | |a Demography |z Europe |v Periodicals. | |
| 650 | 0 | |a Population |v Periodicals. | |
| 650 | 6 | |a Démographie |z Europe |v Périodiques. | |
| 650 | 6 | |a Population |v Périodiques. | |
| 650 | 7 | |a Demography. |2 fast |0 (OCoLC)fst00890158 | |
| 650 | 7 | |a Population. |2 fast |0 (OCoLC)fst01071476 | |
| 650 | 2 | |a Demography. | |
| 650 | 2 | |a Population. | |
| 651 | 0 | |a Europe |x Population |v Periodicals. | |
| 651 | 6 | |a Europe |x Population |v Périodiques. | |
| 651 | 7 | |a Europe. |2 fast |0 (OCoLC)fst01245064 | |
| 651 | 2 | |a Europe. | |
| 655 | 0 | |a Electronic journals. | |
| 776 | 0 | 8 | |i Print version: |t European journal of population |x 0168-6577 |w (DLC) 93641139 |w (OCoLC)11885330 |
| 780 | 0 | 0 | |t European demographic information bulletin |w (DLC) 2009235676 |w (OCoLC)438319676 |
| 850 | |a DLC | ||
| 856 | 4 | 0 | |z Full text available from Research Library: 01/01/1997 to 1 year ago |u https://search.proquest.com/publication/26354 |